Slavery and freedom /

Bibliographic Details
Main Author: Rose, Willie Lee, 1927-
Other Authors: Freehling, William W., 1935-
Format: Book
Language:English
Published: New York : Oxford University Press, 1982.
Subjects:

MARC

Tag First Indicator Second Indicator Subfields
LEADER 00000pam a2200000 a 4500
001 in00000079668
005 20151008053948.0
008 810527s1982 nyu b 00110 eng
010 |a  81003949  
020 |a 0195029690 :  |c $17.95 
035 |a (OCoLC)07572148 
035 |9 AAH9197AM 
039 0 |a 2  |b 3  |c 3  |d 3  |e 3 
040 |a DLC  |c DLC  |d TXA  |d UtOrBLW 
043 |a n-us--- 
049 |a TXAM  |c [387314] 
050 0 0 |a E441  |b .R79 
082 0 |a 973/.0496073  |2 19 
100 1 |a Rose, Willie Lee,  |d 1927- 
245 1 0 |a Slavery and freedom /  |c Willie Lee Rose ; edited by William W. Freehling. 
264 1 |a New York :  |b Oxford University Press,  |c 1982. 
300 |a xiii, 224 pages ;  |c 22 cm. 
336 |a text  |b txt  |2 rdacontent 
337 |a unmediated  |b n  |2 rdamedia 
338 |a volume  |b nc  |2 rdacarrier 
500 |a Includes index. 
504 |a Bibliography: pages 190-200. 
650 0 |a Slavery  |z United States. 
650 0 |a African Americans  |x History  |y To 1863. 
651 0 |a United States  |x Race relations. 
700 1 |a Freehling, William W.,  |d 1935- 
999 |a MARS 
999 f f |s adcc4297-9c60-3612-97df-0172f577146d  |i 01201855-a5cd-3506-8643-dee91fd864a0  |t 0 
952 f f |p ric  |a Texas A&M University  |b Rellis Campus  |c Joint Library Facility  |d Remote Storage  |t 0  |e E441 .R79  |h Library of Congress classification  |i unmediated -- volume  |m A14806107108 
998 f f |a E441 .R79  |t 0  |l Remote Storage